Reported decisions of the commissioner under the national insurance acts (Record no. 421662)

000 -LEADER
fixed length control field 00426cam a22001097a 4500
008 - FIXED-LENGTH DATA ELEMENTS--GENERAL INFORMATION
fixed length control field 180718b1955 xxu||||| |||| 00| 0 eng d
082 ## - DEWEY DECIMAL CLASSIFICATION NUMBER
Classification number Q503x42 Un3
245 ## - TITLE STATEMENT
Title Reported decisions of the commissioner under the national insurance acts
Statement of responsibility, etc. by Ministry of Pensions and National Insurance
260 ## - PUBLICATION, DISTRIBUTION, ETC.
Place of publication, distribution, etc. London
Name of publisher, distributor, etc. Her Majesty's Stationery Office
Date of publication, distribution, etc. 1955
300 ## - PHYSICAL DESCRIPTION
Extent 1v. v.p.
700 ## - ADDED ENTRY--PERSONAL NAME
Personal name U.K. Ministry of Pensions and National Insurance
Holdings
Withdrawn status Lost status Damaged status Not for loan Permanent Location Current Location Date acquired Full call number Barcode Date last seen Price effective from Koha item type
        Indian Institute of Public Administration Indian Institute of Public Administration 2009-09-18 T52303x42 Un3 v.1 2573 2018-07-21 2018-07-21 Book
        Indian Institute of Public Administration Indian Institute of Public Administration 2009-08-04 Q503x42 Un3 2572 2018-07-21 2018-07-21 Book

Powered by Koha